000 01206nam a22002657a 4500
003 OSt
005 20230110143957.0
007 cr ||||||a|c|a
008 221216s2022 mx a|||fom||| 001 0 spa d
040 _erda
100 1 _9134782
_aMarín Campos, Víctor Manuel
245 1 _aOligosacarinas extraídas de las glóquidas de tuna y su efecto en el desarrollo de cultivos hortícolas /
_cpor Victor Manuel Marín Campos; director de tesis María Edna Álvarez Sánchez.
264 1 _aChapingo, México :
_bEl autor,
_c2022.
300 _a1 recurso en línea (54 páginas).
_bcuadros, figuras.
336 _2rdacontent
_atexto
_btxt
337 _2rdamedia
_acomputadora
_bc
338 _2rdacarrier
_arecurso en línea
_bcr
502 _bMCADS
_cSuelos
_d2022.
_gMAE
504 _aIncluye referencias bibliográficas: páginas 29-31,41-42,44-47.
650 4 _9131429
_aReguladores de crecimiento de las plantas
_xAnálisis
650 4 _940505
_aFertilizantes
_xEfecto en cultivos
700 1 _94983
_aAlvarez Sánchez, María Edna
_eDirector de tesis.
856 _uhttp://10.13.5.2/tesis/tm/2022_SU_Marin_Campos_VictorManuel.pdf
_zDESCARGAR PDF
942 _2Clasificación Universidad Autónoma Chapingo
_cTD
999 _c217971
_d217971